000
00322nam a22001457a 4500
008
230911b ||||| |||| 00| 0 eng d
020
_a
0391008609
041
_a
eng
080
_2
FIRST EDITION
_a
159.9
082
_a
159.9TEL
100
_a
25
101
_a
PSI
245
_a
MELANCHOLY
_c
TELLENBACH .H
942
_2
udc
_c
BK
999
_c
60302
_d
60302